Management of Nursing Services and Education (Record no. 142399)

MARC details
000 -LEADER
fixed length control field 00411nam a2200157Ia 4500
008 - FIXED-LENGTH DATA ELEMENTS--GENERAL INFORMATION
fixed length control field 230314s9999 xx 000 0 und d
020 ## - INTERNATIONAL STANDARD BOOK NUMBER
International Standard Book Number 978-81-312-5707-4
041 ## - LANGUAGE CODE
Language code of text/sound track or separate title eng
082 ## - DEWEY DECIMAL CLASSIFICATION NUMBER
Classification number AD/610.6/CLE/B09537
100 ## - MAIN ENTRY--PERSONAL NAME
Personal name Clement I
9 (RLIN) 119826
245 ## - TITLE STATEMENT
Title Management of Nursing Services and Education
260 ## - PUBLICATION, DISTRIBUTION, ETC. (IMPRINT)
Name of publisher, distributor, etc. Elsevier
Place of publication, distribution, etc. New Delhi
Date of publication, distribution, etc. 2020
300 ## - PHYSICAL DESCRIPTION
Extent 720p
906 ## - LOCAL DATA ELEMENT F, LDF (RLIN)
b BSC
Holdings
Withdrawn status Lost status Damaged status Not for loan Collection code Home library Current library Date acquired Vendor Cost, normal purchase price Bill number Total Checkouts Total Renewals Full call number Barcode Checked out Date last seen Date last checked out Cost, replacement price Bill Date Koha item type Original Barcode
          Smt. Bakul Tambat Institute of Nursing Education Smt. Bakul Tambat Institute of Nursing Education 16/09/2021 Patil Medical Book House 695.00 5926 27 28 AD 610.6 CLE B09563 BTIN-BK-9563 08/04/2026 25/03/2026 25/03/2026 451.75 08/03/2021 Books B09563
          Smt. Bakul Tambat Institute of Nursing Education Smt. Bakul Tambat Institute of Nursing Education 16/09/2021 Patil Medical Book House 695.00 5926 31 25 AD 610.6 CLE B09564 BTIN-BK-9564   03/02/2026 31/01/2026 451.75 08/03/2021 Books B09564